LEADER 00930nam a2200217 4500 001 000000358363 003 CaOOAMICUS 005 20240513160532.0 008 240513s1901 it 2 000 u ita r 040 $aSeMil$bita 100 1 $aBisoni, Giovanni.$0(OLS)http://semarc/name/64709 245 14$aGli ungheri in Italia. Studio storico-critico /$csac. dott. Giovanni Bisoni. 264 1$aMonza :$bTip. Ed. Artigianelli Orfani,$c1901. 300 $a124 p. ;$c25 cm 500 $aEstratto da: La Scuola Cattolica e Scienza italiana 650 4$aItalia e Ungheria.$0(OLS)http://semarc/subject/38628 850 $aSeMil 852 $aSeMil$W1$xVenegono$y1$m5B VI 9/2$j247976$B249473$CSeMilBibl$Z2$F249473 $81 996 $6245$aGli ungheri in Italia. Studio storico-critico$9(OLS)http://semarc/title/448695 996 $6264$aMonza :$bTip. Ed. Artigianelli Orfani$9(OLS)http://semarc/publisher/44095 LEADER 01054nam a2200253 i 4500 001 000000043347 003 CaOOAMICUS 005 20090812000000.0 008 090812s1969 it u000 u ita u 013 $a14517 040 $aSeMil$bita 100 1 $aSchillebeeckx, Edward,$c.$0(OLS)http://semarc/name/90117 240 10$aTheologische Peilingen. 2, God en Mens.$0(OLS)http://semarc/title/63635 245 10$aDio e l'uomo /$cEdward Schillebeeckx. 260 $aRoma :$bPaoline,$c1969. 300 $a429 p. ;$c19 cm. 490 0 $aBiblioteca di cultura religiosa. 2. serie ;$v130 650 4$aDio.$0(OLS)http://semarc/subject/4429 650 4$aLaici - Vita cristiana.$0(OLS)http://semarc/subject/9246 830 0$aBiblioteca di cultura religiosa. 2. serie ;$v130.$0(OLS)http://semarc/title/11727 850 $aSeMil 852 $aSeMil$W1$xVenegono$y1$m2B II 182$j9502$B9502$CSeMilBibl$Z2$F9502 $81 996 $6245$aDio e l'uomo$9(OLS)http://semarc/title/63634 996 $6260$aRoma :$bPaoline$9(OLS)http://semarc/publisher/29686